Introduction to applied quantum chemistry

Na minha lista:
Detalhes bibliográficos
Main Authors: McGlynn, Seán P. (autor), Vanquickenborne, L. G (Author), Kinoshita, M (Author), Carroll, D. G (Author)
Formato: Livro
Idioma:inglês
Publicado em: Nueva York Holt, Rinehart and Winston 1972
Assuntos:
Tags: Adicionar Tag
Sem tags, seja o primeiro a adicionar uma tag!

MARC

LEADER 00000nam a2200000 a 4500
001 UCT4120
003 CL-VaPUC
008 961108e19720000US |||||||||||||||||eng|d
082 0 4 |a 541.28  |b MCG  |2 21 
100 |a McGlynn, Seán P.  |e autor  |9 373255 
700 0 |a Vanquickenborne, L. G  |e author  |9 373256 
700 0 |a Kinoshita, M  |e author  |9 373257 
700 0 |a Carroll, D. G  |e author  |9 373258 
245 1 0 |a Introduction to applied quantum chemistry 
300 |a 472 p 
942 |c BK 
945 |d 19961108 00:00:00  |a paguirre 
260 |a Nueva York  |b Holt, Rinehart and Winston  |c 1972 
650 0 |a Química  |9 259896 
650 7 |a QUIMICA CUANTICA  |2 CL-VaPUC  |9 373259 
650 0 |a Átomos  |9 259583 
650 7 |a ELECTRONES  |2 CL-VaPUC  |9 322158 
650 0 |a Moléculas   |9 259584 
650 0 |a Teoría cuántica  |9 266148 
583 |a last modification  |c 19961108 00:00:00  |k Rodrigo Vera 
999 |c 253549  |d 253547 
952 |0 0  |1 0  |4 0  |6 541_280000000000000_MCG_1972  |7 0  |8 A  |9 274456  |a BIBCUR  |b BIBCUR  |d 2019-11-19  |i 1787187  |o 541.28 MCG 1972  |p 1787187  |r 2025-04-22  |w 2019-11-19  |y BK  |k QUI